00363nam a2200145Ia 4500008004100000020001600041041000800057082001500065100001800080245002400098260006100122300001200183365000700195650001500202210719s1978 xx 000 0 und d a08834731127 aeng a152.4 POWU aPOWELL (John) aUnconditional love. aTexas.bThomas More Division of tabor Publishing.,c1978 a124bPB cRs aPsychology